End of a century (Part 1) (Record no. 84847)

MARC details
000 -LEADER
fixed length control field 01025cab a22002295a 4500
001 - CONTROL NUMBER
control field L159256
008 - FIXED-LENGTH DATA ELEMENTS--GENERAL INFORMATION
fixed length control field 160405e2016 xxk 000 0 eng d
035 ## - SYSTEM CONTROL NUMBER
System control number (Sirsi) u159256
041 0# - LANGUAGE CODE
Language code of text/sound track or separate title eng
100 1# - MAIN ENTRY--PERSONAL NAME
Personal name Branson, David
245 00 - TITLE STATEMENT
Title End of a century (Part 1)
260 ## - PUBLICATION, DISTRIBUTION, ETC.
Date of publication, distribution, etc. 2016
490 ## - SERIES STATEMENT
Series statement New Law Journal
Volume/sequential designation 166 (7692), 25 March 2016, 10-11(2)
520 ## - SUMMARY, ETC.
Summary, etc. Discusses civil and criminal liability for breaches of health and safety following the implementation of the Enterprise and Regulatory Reform Act 2013. Civil liability is based on comon law negligence whilst criminal liability is based on statute law with Health and Safety at Work Act 1974 and subordinate legislation passed under it. Includes discussion of and reference to key health and safety cases.s
650 24 - SUBJECT ADDED ENTRY--TOPICAL TERM
Topical term or geographic name entry element ENTERPRISE AND REGULATORY REFORM ACT 2013
650 24 - SUBJECT ADDED ENTRY--TOPICAL TERM
Topical term or geographic name entry element HEALTH AND SAFETY AT WORK ETC ACT 1974
650 24 - SUBJECT ADDED ENTRY--TOPICAL TERM
Topical term or geographic name entry element CIVIL LAW
650 24 - SUBJECT ADDED ENTRY--TOPICAL TERM
Topical term or geographic name entry element CRIMINAL LAW
651 #4 - SUBJECT ADDED ENTRY--GEOGRAPHIC NAME
Geographic name United Kingdom
Chronological subdivision
690 ## - LOCAL SUBJECT ADDED ENTRY--TOPICAL TERM (OCLC, RLIN)
Topical term or geographic name as entry element Health and safety
9 (RLIN) 6244
942 ## - ADDED ENTRY ELEMENTS (KOHA)
Suppress in OPAC 0
Holdings
Withdrawn status Lost status Source of classification or shelving scheme Damaged status Not for loan Home library Current library Shelving location Date acquired Total Checkouts Full call number Barcode Date last seen Copy number Price effective from Koha item type
    Dewey Decimal Classification     London London Journal article 05/04/2016   L159256 159256-1001 06/08/2019 1 06/08/2019 Journal article